00353nam a22001097a 4500008004100000082001500041100002700056245009400083260004300177300000900220440001400229230621b xxu||||| |||| 00| 0 eng d a328.4bSOC cB.P Keith and J.Sharpe aThe Table bThe Journal of the Society of Clerks-at-the-table in Commonwealth Parliaments aLondonbCommonwealth Parliamentsc1980 a180p vvolume 48